|
|
|
|
| LEADER |
00898cam a2200217 7i4500 |
| 001 |
0000037181 |
| 005 |
20230718090000.0 |
| 020 |
|
|
|a 9781412948166 (pbk.)
|
| 090 |
0 |
0 |
|a LB2822.75
|b .C44 2007
|
| 100 |
1 |
|
|a Cheminais, Rita
|
| 245 |
1 |
0 |
|a How to achieve the every child matters standards
|c Rita Cheminais.
|
| 260 |
|
|
|a Los Angeles:
|b SAGE,
|c 2007.
|
| 300 |
|
|
|a xvii, 125 p.;
|c 30 cm..
|
| 501 |
|
|
|a With CD-ROM : How to achieve the every child matters standards / Rita Cheminais
|
| 650 |
0 |
0 |
|a Education and state --
|z Great Britain
|
| 650 |
0 |
0 |
|a Educational evaluation --
|z Great Britain
|
| 650 |
0 |
0 |
|a Education --
|z Great Britain
|
| 997 |
|
|
|a Education & Social Sciences, Faculty
|b Early Chilhood Studies, Department
|
| 998 |
|
|
|a Preschool Education, Diploma
|
| 999 |
|
|
|a 0000044306
|b BOK
|c OPEN SHELF
|e 1st Floor, Bestari Jaya
|
| 999 |
|
|
|a CDR0001950
|b CD-ROM
|c OPEN SHELF
|e Circulation Counter, Bestari Jaya
|